<?xml version="1.0" encoding="UTF-8"?>
<collection xmlns="http://www.loc.gov/MARC21/slim">
  <record>
    <leader>00000nam  2200000   4500</leader>
    <controlfield tag="001">INLIS000000000018312</controlfield>
    <controlfield tag="005">20240927012610</controlfield>
    <datafield tag="035" ind1="#" ind2="#">
      <subfield code="a">0010-0924000141</subfield>
    </datafield>
    <controlfield tag="007">ta</controlfield>
    <controlfield tag="008">240927###########################0######</controlfield>
    <datafield tag="245" ind1="#" ind2="#">
      <subfield code="a">Pakarajai Tripartit :</subfield>
      <subfield code="b">Pelayanan Ketenagakerjaan hubungan industrial dan jamsostek /</subfield>
      <subfield code="c">Ridwan Sam, S.Sos</subfield>
    </datafield>
    <datafield tag="260" ind1="#" ind2="#">
      <subfield code="a">Makassar :</subfield>
      <subfield code="b">Puslatbang KMP LAN RI Makassar,</subfield>
      <subfield code="c">2024</subfield>
    </datafield>
    <datafield tag="300" ind1="#" ind2="#">
      <subfield code="a">24 ;</subfield>
      <subfield code="c">30</subfield>
    </datafield>
    <datafield tag="650" ind1="#" ind2="4">
      <subfield code="a">Menciptakan lapangan kerja, memberikan perlindungan, dan mendukung pertumbuhan ekonomi regional</subfield>
    </datafield>
    <datafield tag="700" ind1=" " ind2="#">
      <subfield code="a">Hj. Najemiah, S.P (Mentor)</subfield>
    </datafield>
    <datafield tag="700" ind1=" " ind2="#">
      <subfield code="a">Edi Abdullah, SH., MH (Coach)</subfield>
    </datafield>
    <datafield tag="520" ind1="#" ind2="#">
      <subfield code="a">Undang-Undang Republik Indonesia Nomor 6 Tahun 2023 memberikan landasan penting bagi transformasi hubungan Industrial dan pelayanan ketenagakerjaan di Kabupaten Pangkajene dan Kepulauan. Fokus utamanya adalah menciptakan lapangan kerja, memberikan perlindungan, dan mendorong pertumbuhan ekonomi regional, sejalan dengan semangat Undang-Undang Cipta Kerja. Dalam konteks ini, Jamsostek menjadi instrumen kunci dalam memberikan perlindungan kepada pekerja. Harapan hadirnya Forum LKS Pakarajai Tripartit menjadi langkah strategis dalam memperkuat sinergi antara pemerintah, pengusaha, dan serikat pekerja untuk meningkatkan akses dan kualitas pelayanan perselisihan ketenagakerjaan serta perlindungan Jamsostek melalui Dialog dan Musyawarah. Dengan demikian, diharapkan Kabupaten Pangkajene dan Kepulauan dapat mencapai kesinambungan ekonomi yang berkelanjutan, sambil memperhatikan keseimbangan antardaerah dalam konteks kesatuan ekonomi nasional.&#13;
&#13;
Berdasarkan Data dan konteks diatas, Hadirnya Forum LKS Pakarajai Tripartit Pelayanan Ketenagakerjaan Hubungan ndustrial dan Jamsostek menjadi sebuah harapan baru. Forum ini membawa bersama pemerintah, pengusaha, dan serikat pekerja untuk bertukar ide, menemukan solusi, dan merumuskan ebijakan yang memadai dalam menangani perselisihar etenagakerjaan dan memperkuat perlindungan melalu amsostek.</subfield>
    </datafield>
    <datafield tag="856" ind1="#" ind2="#">
      <subfield code="a">Puslatbang KMP LAN RI Makassar</subfield>
    </datafield>
  </record>
</collection>
